Statystyki dla 15 najbardziej dotkniętych krajów Covid-19 - 29 lipca

Kliknij tutaj aby rozwiązać quiz!

Ogólne statystyki

  • Ten quiz został rozwiązany 27 razy
  • Średni wynik to 9 z 25

Statystyki odpowiedzi

kraj% Poprawnych
Stany Zjednoczone
87%
Rosja
83%
Hiszpania
74%
Brazylia
70%
Włochy
70%
Meksyk
61%
Wielka Brytania
61%
Indie
57%
Iran
43%
Pakistan
39%
Chile
35%
Chile
35%
Kolumbia
35%
Republika
Południowej Afryki
35%
Peru
30%
Szwecja
22%
Arabia Saudyjska
13%
Bahrajn
9%
Izrael
9%
Kuwejt
9%
Singapur
9%
Armenia
4%
Katar
4%
Oman
4%
Panama
4%

Rozkład punktacji

Percentyl według liczby udzielonych odpowiedzi

Procent ludzi z każdym wynikiem

Twoja historia wyników

Nie rozwiązałeś tego quizu